| 000 | 00512nam a2200169 a 4500 | ||
|---|---|---|---|
| 001 | 000016609 | ||
| 005 | 20200929164933.0 | ||
| 008 | 100308s2006 dr 001 0 spa d | ||
| 020 | _a9993458392 | ||
| 040 |
_aDO-SdBNP _bspa _cBNPHU |
||
| 082 |
_axxxx _bO775o |
||
| 100 | 1 |
_aOrtíz M., José A. _936904 |
|
| 245 | 1 | 0 |
_aOportunidades de negocio e inversión SBPTS : _bpro creatividad empresarial / _cJosé A. Ortíz M. |
| 260 |
_aSanto Domingo : _bCentenario, _c2006. |
||
| 300 |
_a63 p. ; _c14 cm. |
||
| 049 | _aBNPD | ||
| 999 |
_c16142 _d16142 |
||